[Event "Open A Gorges"]
[Site "?"]
[Date "2019.07.06"]
[Round "1"]
[White "PRIMEL, Dominique"]
[Black "KOLLAR, Romain"]
[Result "0-1"]
[WhiteElo "1916"]
[BlackElo "2189"]
[PlyCount "48"]

1. Nf3 c5 2. c4 Nc6 3. d4 cxd4 4. Nxd4 Nf6 5. Nc3 g6 6. e4 Bg7 7. Be3 O-O 8.
Be2 b6 9. O-O Bb7 10. f3 Qb8 11. Qd2 Rd8 12. Rfd1 d6 13. Nb3 Rd7 14. a4 Qd8 15.
a5 bxa5 16. Ra3 e6 17. Rda1 d5 18. cxd5 exd5 19. exd5 Nxd5 20. Nxd5 Rxd5 21.
Qc1 Rc8 22. Qb1 Qe7 23. Nc1 Nd4 24. Bd1 Nf5 0-1

[Event "Open A Gorges"]
[Site "?"]
[Date "2019.07.06"]
[Round "1"]
[White "CROUAN, Stéphane"]
[Black "MAUGIN, Narada"]
[Result "1-0"]
[WhiteElo "2178"]
[BlackElo "1853"]
[PlyCount "87"]

1. e4 c5 2. Nf3 d6 3. d4 cxd4 4. Nxd4 Nf6 5. Nc3 g6 6. Be3 Bg7 7. f3 O-O 8. Qd2
Nc6 9. O-O-O d5 10. Qe1 e5 11. Nxc6 bxc6 12. exd5 cxd5 13. Bg5 Be6 14. Bc4 Rc8
15. Bb3 Qb6 16. Bxf6 Bxf6 17. Nxd5 Bxd5 18. Rxd5 Rfd8 19. Qd2 Rxd5 20. Qxd5 Qc7
21. a4 a5 22. h4 Rd8 23. Qb5 Rb8 24. Qd5 Rd8 25. Qe4 Rd4 26. Qe1 Rb4 27. Kb1 e4
28. fxe4 Qe5 29. Qc1 Qxe4 30. Ka2 h5 31. Rf1 Kg7 32. g3 Qe5 33. c3 Re4 34. Qd1
Re2 35. Rf3 Re4 36. Rd3 Be7 37. Qf1 f6 38. Rf3 Re2 39. Rd3 Qe4 40. Rd4 Qe3 41.
g4 Re1 42. Qc4 Qc1 43. Qg8+ Kh6 44. Qh8# 1-0

[Event "Open A gorges"]
[Site "?"]
[Date "2019.07.06"]
[Round "1"]
[White "PASCAL, Jonathan"]
[Black "CHABRADZE, Boris"]
[Result "1-0"]
[WhiteElo "1842"]
[BlackElo "2121"]
[PlyCount "81"]

1. e4 c5 2. Nf3 d6 3. d4 cxd4 4. Nxd4 Nf6 5. Nc3 a6 6. Bg5 e6 7. f4 Be7 8. Qf3
Qa5 9. Nb3 Qc7 10. O-O-O Nc6 11. g4 Bd7 12. Kb1 Rc8 13. Bxf6 Bxf6 14. g5 Be7
15. h4 b5 16. Bd3 Nb4 17. Rc1 O-O 18. Qg3 a5 19. Bxb5 a4 20. Nd4 a3 21. bxa3
Nc6 22. Nb3 Qa7 23. a4 Rc7 24. Ne2 Rfc8 25. c4 Na5 26. Nxa5 Qxa5 27. Qd3 Bc6
28. Rhe1 Qb6 29. Qd4 Qb7 30. Nc3 Bd7 31. Ka1 Rc5 32. Re2 Bf8 33. a3 g6 34. Rec2
Bg7 35. Qxd6 Bxb5 36. axb5 Rxc4 37. e5 Bf8 38. Qa6 Qf3 39. Qa5 Ra8 40. Qb6 Bxa3
41. Ne2 1-0

[Event "Open A Gorges"]
[Site "?"]
[Date "2019.07.06"]
[Round "1"]
[White "LE PEN, Steven"]
[Black "THAS, Fabrice"]
[Result "1-0"]
[WhiteElo "2094"]
[BlackElo "1738"]
[PlyCount "103"]
[EventDate "2019.??.??"]

1. e4 e6 2. d4 d5 3. Nc3 Nf6 4. Bg5 Be7 5. e5 Nfd7 6. h4 a6 7. Qg4 Bxg5 8. hxg5
g6 9. Nf3 c5 10. dxc5 Nxc5 11. O-O-O Nc6 12. Qf4 Nd7 13. Bd3 Qe7 14. Rh6 Qf8
15. a3 Ne7 16. g4 Qg7 17. Re1 Nc6 18. Kb1 b5 19. Bxb5 axb5 20. Nxb5 Rb8 21.
Nd6+ Ke7 22. Qa4 Rb6 23. b3 Nc5 24. Qf4 Bd7 25. Reh1 Ne4 26. Nxe4 dxe4 27. Qxe4
Rb5 28. Re1 Ra8 29. Ka2 Rab8 30. Qf4 Rd5 31. Qf6+ Qxf6 32. gxf6+ Kd8 33. Rxh7
Be8 34. Re3 Nd4 35. c4 Rd7 36. Kb2 Nxf3 37. Rxf3 Rd4 38. Kc3 Rxg4 39. Rd3+ Kc7
40. a4 Rg1 41. Rhh3 Re1 42. Rhe3 Rxe3 43. Rxe3 Rd8 44. a5 Bc6 45. b4 Ba8 46. b5
Rd1 47. Kb4 Rd2 48. a6 Rxf2 49. Kc5 Rb2 50. Rh3 Rd2 51. b6+ Kb8 52. Rh8+ 1-0

[Event "Open A Gorges"]
[Site "?"]
[Date "2019.07.06"]
[Round "1"]
[White "RINEAU, Nathan"]
[Black "JAULIN, Philippe"]
[Result "0-1"]
[WhiteElo "1706"]
[BlackElo "2071"]
[PlyCount "58"]
[EventDate "2019.??.??"]

1. c4 g6 2. Nc3 c5 3. Nf3 Nc6 4. d4 cxd4 5. Nxd4 Bg7 6. Nc2 d6 7. e4 Nf6 8. Be2
O-O 9. Be3 Be6 10. Qd2 Rc8 11. b3 Re8 12. Rc1 a6 13. f3 Qa5 14. Na4 Qxd2+ 15.
Kxd2 Nd7 16. g4 Rb8 17. Nc3 Kh8 18. h4 Rec8 19. h5 Kg8 20. hxg6 hxg6 21. Rh2
Nde5 22. Rch1 b5 23. cxb5 axb5 24. Bh6 Bh8 25. g5 f5 26. Bf8 Nf7 27. exf5 Bxf5
28. Bh6 Nb4 29. Nxb4 Bxc3+ 0-1

[Event "Open A Gorges"]
[Site "?"]
[Date "2019.07.06"]
[Round "1"]
[White "BOURDEAUX, Gabin"]
[Black "CHAILLOU, Vincent"]
[Result "1-0"]
[WhiteElo "2050"]
[BlackElo "1647"]
[PlyCount "77"]

1. e4 c5 2. Nf3 d6 3. d4 cxd4 4. Nxd4 Nf6 5. Nc3 e5 6. Ndb5 a6 7. Na3 b5 8. Nd5
Bb7 9. Bg5 Nbd7 10. Bxf6 Nxf6 11. Nxf6+ Qxf6 12. Qd3 Rc8 13. Be2 Be7 14. Bg4
Rc7 15. O-O Qf4 16. Bf3 O-O 17. c4 f5 18. cxb5 fxe4 19. Qb3+ d5 20. bxa6 exf3
21. axb7 Qg4 22. Qxd5+ Kh8 23. Qxf3 Qxf3 24. gxf3 Rxb7 25. Nc4 Rxf3 26. Nxe5
Rf5 27. Nc4 Bc5 28. Rae1 g6 29. b3 Rbf7 30. Ne3 Rf3 31. Kg2 h5 32. Rc1 Ba7 33.
b4 h4 34. h3 Kg7 35. Ng4 Ra3 36. Rc2 Bb6 37. Ne5 Rc7 38. Rfc1 Raa7 39. Nc4 1-0

[Event "Open A Gorges"]
[Site "?"]
[Date "2019.07.06"]
[Round "1"]
[White "CAMUS, Harold"]
[Black "HENRY, Florent"]
[Result "1-0"]
[WhiteElo "1643"]
[BlackElo "2022"]
[PlyCount "43"]

1. e4 c6 2. d4 d5 3. exd5 cxd5 4. c4 Nc6 5. Nf3 Nf6 6. Nc3 Bg4 7. cxd5 Nxd5 8.
Be2 e6 9. O-O Be7 10. a3 O-O 11. Re1 Bf6 12. Nxd5 Qxd5 13. Be3 Rfd8 14. h3 Bh5
15. g4 Bg6 16. Rc1 Nxd4 17. Nxd4 Bxd4 18. Bf3 Be4 19. Bxe4 Qxe4 20. Bg5 Qg6 21.
Bxd8 e5 22. Qxd4 1-0

[Event "Open A Gorges"]
[Site "?"]
[Date "2019.07.06"]
[Round "1"]
[White "MUNKHBAYAR, Janjaardorj"]
[Black "BEAUMONT, Jean-François"]
[Result "1-0"]
[WhiteElo "1952"]
[BlackElo "1578"]
[PlyCount "67"]

1. d4 Nf6 2. c4 e6 3. Nc3 Bb4 4. Qc2 d5 5. cxd5 Qxd5 6. Nf3 Ne4 7. a3 Bxc3+ 8.
bxc3 O-O 9. Bf4 c6 10. e3 Nd7 11. Bd3 f5 12. O-O Nef6 13. Bc7 c5 14. Qa4 b6 15.
Bc4 Qb7 16. Bxe6+ Kh8 17. Bd6 Re8 18. Ng5 Rxe6 19. Nxe6 Ne8 20. dxc5 b5 21. Qh4
Ndf6 22. Ng5 Nxd6 23. cxd6 Qc6 24. Nxh7 Nxh7 25. Qd8+ Nf8 26. Qxf8+ Kh7 27.
Rad1 Bb7 28. Qxf5+ g6 29. Qh3+ Kg7 30. e4 Rh8 31. Qg3 Qxe4 32. Rfe1 Qc6 33.
Re7+ Kg8 34. Qxg6+ 1-0

[Event "Open A Gorges"]
[Site "?"]
[Date "2019.07.06"]
[Round "2"]
[White "KOLLAR, Romain"]
[Black "BOURDEAUX, Gabin"]
[Result "1-0"]
[WhiteElo "2189"]
[BlackElo "2050"]
[PlyCount "125"]
[EventDate "2019.??.??"]

1. e4 e6 2. d4 d5 3. e5 c5 4. c3 Nc6 5. Nf3 Qb6 6. Be2 cxd4 7. cxd4 Bb4+ 8. Kf1
f6 9. a3 Be7 10. b4 Nh6 11. Bxh6 gxh6 12. Nc3 fxe5 13. dxe5 O-O 14. Na4 Qc7 15.
Rc1 Qb8 16. h4 Nxe5 17. Nc5 b6 18. Nd3 Nxd3 19. Qxd3 Qf4 20. Re1 Bb7 21. Bd1
Qf7 22. Qe3 Ba6+ 23. Kg1 Bf6 24. Rh3 Rae8 25. Ba4 b5 26. Bb3 Bc8 27. Rg3+ Bg7
28. Qxh6 Kh8 29. Qd2 Bd7 30. Ng5 Qf4 31. Qc2 Qf5 32. Qxf5 Rxf5 33. Rd3 Kg8 34.
Ne4 Re5 35. f4 Rxe4 36. Rxe4 dxe4 37. Rxd7 Bb2 38. Kf2 Bxa3 39. Ke3 Bxb4 40.
Kxe4 a5 41. Rb7 Re7 42. Rxb5 Kg7 43. g4 Kf6 44. Rb6 Be1 45. g5+ Kg6 46. f5+ Kh5
47. f6 Re8 48. f7 Rf8 49. Rxe6 Kxh4 50. Re8 Bb4 51. Kf5 Kh5 52. Bd1+ Kh4 53. g6
hxg6+ 54. Kxg6 Kg3 55. Kg7 Rxf7+ 56. Kxf7 Kf4 57. Ba4 Bc3 58. Kg6 Bb4 59. Bc6
Bd2 60. Re4+ Kg3 61. Kf5 Kf3 62. Bd5 Bc3 63. Rc4+ 1-0

[Event "Open A Gorges"]
[Site "?"]
[Date "2019.07.06"]
[Round "2"]
[White "MUNKHBAYAR, Janjaardorj"]
[Black "CROUAN, Stéphane"]
[Result "1-0"]
[WhiteElo "1952"]
[BlackElo "2178"]
[PlyCount "75"]
[EventDate "2019.??.??"]

1. d4 Nf6 2. c4 g6 3. Nc3 Bg7 4. e4 O-O 5. f3 d6 6. Be3 e5 7. d5 Nh5 8. Qd2 f5
9. Bg5 Bf6 10. Bh6 Rf7 11. Bd3 c5 12. Nge2 Na6 13. O-O-O Bd7 14. exf5 gxf5 15.
g4 Ng7 16. g5 Be7 17. Rhg1 Bf8 18. g6 hxg6 19. Rxg6 Rf6 20. Bg5 Rxg6 21. Bxd8
Rxd8 22. Rg1 Kf7 23. Rxg6 Kxg6 24. Qd1 Be7 25. Qg1+ Kf7 26. Nb5 Nb4 27. Bb1
Bxb5 28. cxb5 Nxd5 29. a4 Nb4 30. Ng3 Bg5+ 31. Kd1 Kf6 32. Bxf5 d5 33. Bb1 b6
34. h4 Bxh4 35. Nh5+ Nxh5 36. Qg6+ Ke7 37. Qxh5 Bf2 38. Qxe5+ 1-0

[Event "Open A Gorges"]
[Site "?"]
[Date "2019.07.06"]
[Round "2"]
[White "PASCAL, Jonathan"]
[Black "LE PEN, Steven"]
[Result "1-0"]
[WhiteElo "1842"]
[BlackElo "2094"]
[PlyCount "83"]
[EventDate "2019.??.??"]

1. e4 c5 2. Nf3 d6 3. d4 cxd4 4. Nxd4 Nf6 5. Nc3 Nc6 6. Bg5 e6 7. Qd2 a6 8.
O-O-O Bd7 9. Kb1 b5 10. f3 b4 11. Nce2 Qb8 12. g4 h6 13. Be3 d5 14. Nxc6 Bxc6
15. Nd4 Bb7 16. e5 Nd7 17. f4 Be7 18. h4 h5 19. gxh5 Rxh5 20. Be2 Rxh4 21. Rxh4
Bxh4 22. Rh1 Be7 23. Rh8+ Nf8 24. f5 Qxe5 25. fxe6 fxe6 26. Bg4 Kf7 27. Rh1 Kg8
28. Bf4 Qf6 29. Qe3 Bc8 30. Be5 Qg5 31. Qg3 Bf6 32. Nf3 Bxe5 33. Nxe5 g6 34.
Qh2 Qf6 35. Qe2 Ra7 36. Rf1 Qg7 37. Qf3 Rc7 38. Qf4 a5 39. Qg5 Bd7 40. Rf7 Qxf7
41. Nxf7 Kxf7 42. Qf4+ 1-0

[Event "Open A Gorges"]
[Site "?"]
[Date "2019.07.06"]
[Round "2"]
[White "JAULIN, Philippe"]
[Black "CAMUS, Harold"]
[Result "1-0"]
[WhiteElo "2071"]
[BlackElo "1643"]
[PlyCount "59"]
[EventDate "2019.??.??"]

1. e4 e5 2. Nf3 Nc6 3. Nc3 Nf6 4. d4 exd4 5. Nxd4 Bb4 6. Nxc6 bxc6 7. Bd3 d6 8.
O-O O-O 9. Bg5 h6 10. Bh4 g5 11. Bg3 Re8 12. f4 Bxc3 13. bxc3 Nxe4 14. Qh5 Bf5
15. Bxe4 Bxe4 16. fxg5 Bg6 17. Qxh6 Bxc2 18. Rxf7 Kxf7 19. g6+ Bxg6 20. Rf1+
Qf6 21. Rxf6+ Kxf6 22. Bh4+ Kf7 23. Qf4+ Kg8 24. Qg4 Kf7 25. Qd7+ Kg8 26. Bf6
Re1+ 27. Kf2 Bf7 28. Qg4+ Kf8 29. Qg7+ Ke8 30. Kxe1 1-0

[Event "Open A Gorges"]
[Site "?"]
[Date "2019.07.06"]
[Round "2"]
[White "CHABRADZE, Boris"]
[Black "THAS, Fabrice"]
[Result "1-0"]
[WhiteElo "2121"]
[BlackElo "1738"]
[PlyCount "51"]
[EventDate "2019.??.??"]

1. e4 e6 2. Nc3 d5 3. Nf3 d4 4. Ne2 c5 5. c3 Nc6 6. cxd4 cxd4 7. Qa4 Bc5 8. b4
Bb6 9. Bb2 Nf6 10. e5 Nd5 11. Nexd4 Bd7 12. b5 Nxd4 13. Bxd4 O-O 14. Bc4 Ne7
15. O-O Nf5 16. Bxb6 Qxb6 17. Qb4 Rfd8 18. a4 a5 19. Qb3 Be8 20. d3 Nd4 21.
Nxd4 Rxd4 22. Kh1 Rad8 23. f4 R8d7 24. Rf3 Qd8 25. Raf1 b6 26. f5 1-0

[Event "Open A Gorges"]
[Site "?"]
[Date "2019.07.06"]
[Round "2"]
[White "HENRY, Florent"]
[Black "RINEAU, Nathan"]
[Result "1-0"]
[WhiteElo "2022"]
[BlackElo "1706"]
[PlyCount "59"]
[EventDate "2019.??.??"]

1. e4 c6 2. d4 d5 3. f3 dxe4 4. fxe4 e6 5. Be3 Nd7 6. Nf3 Ngf6 7. Nbd2 Be7 8.
Bd3 O-O 9. Nb3 b6 10. O-O c5 11. dxc5 Nxc5 12. Nxc5 Bxc5 13. Bxc5 bxc5 14. e5
Nd5 15. Qe1 c4 16. Be4 Qb6+ 17. Kh1 Qxb2 18. Bxh7+ Kxh7 19. Ng5+ Kg6 20. Qh4
Qxe5 21. Qh7+ Kxg5 22. h4+ Kg4 23. Rae1 Ne3 24. Rxe3 Qxe3 25. Qxg7+ Kxh4 26.
Rf3 Qxf3 27. gxf3 f5 28. Kh2 Rh8 29. f4 Rg8 30. Qxg8 1-0

[Event "Open A Gorges"]
[Site "?"]
[Date "2019.07.06"]
[Round "2"]
[White "CHAILLOU, Vincent"]
[Black "PRIMEL, Dominique"]
[Result "0-1"]
[WhiteElo "1647"]
[BlackElo "1916"]
[PlyCount "58"]
[EventDate "2019.??.??"]

1. e4 c5 2. d4 cxd4 3. c3 dxc3 4. Nxc3 Nc6 5. Nf3 e6 6. Bc4 Qc7 7. Qe2 Nf6 8.
e5 Ng4 9. Bf4 d5 10. exd6 Bxd6 11. Nb5 Bb4+ 12. Bd2 Qe7 13. O-O Bxd2 14. Nxd2
Nf6 15. f4 O-O 16. Ne4 Nxe4 17. Qxe4 a6 18. Nc3 Rd8 19. Rad1 Bd7 20. Kh1 Be8
21. a3 Rxd1 22. Rxd1 Rd8 23. b4 Qf6 24. Rxd8 Qxd8 25. Bd3 g6 26. Ne2 Qd6 27. g4
Nxb4 28. Qxb4 Qxd3 29. Nd4 Qf1# 0-1

[Event "Open A Gorges"]
[Site "?"]
[Date "2019.07.06"]
[Round "2"]
[White "MAUGIN, Nerada"]
[Black "BEAUMONT, Jean-François"]
[Result "1-0"]
[WhiteElo "1853"]
[BlackElo "1578"]
[PlyCount "41"]
[EventDate "2019.??.??"]

1. e4 c5 2. Nf3 Nc6 3. Nc3 e6 4. d4 cxd4 5. Nxd4 a6 6. a3 Bc5 7. Be3 Bxd4 8.
Bxd4 e5 9. Be3 Nge7 10. Nd5 Nxd5 11. exd5 Ne7 12. d6 Ng6 13. Bc4 O-O 14. h4 Nf4
15. Qf3 Qf6 16. O-O-O Rb8 17. Bb6 Re8 18. Rhe1 Qxh4 19. g3 Qh5 20. Qxf4 Qxd1+
21. Kxd1 1-0

[Event "Open A Gorges"]
[Site "?"]
[Date "2019.07.06"]
[Round "3"]
[White "KOLLAR, Romain"]
[Black "MUNKHBAYAR, Janjaardorj"]
[Result "1-0"]
[WhiteElo "2189"]
[BlackElo "1952"]
[PlyCount "94"]
[EventDate "2019.??.??"]

1. e4 c5 2. Nf3 Nc6 3. d4 cxd4 4. Nxd4 Nf6 5. Nc3 e5 6. Ndb5 d6 7. Bg5 a6 8.
Na3 b5 9. Nd5 Be7 10. Bxf6 Bxf6 11. g3 O-O 12. Bg2 Bg5 13. O-O g6 14. c3 Be6
15. Nc2 Rb8 16. f4 exf4 17. gxf4 Bh6 18. Nde3 Qb6 19. Kh1 Rbd8 20. Qf3 Ne7 21.
f5 Bd7 22. f6 Nc6 23. Nd5 Qa7 24. Qg3 Rfe8 25. Qxd6 Bf8 26. Qc7 Qc5 27. b4 Qd6
28. Rad1 Qe5 29. Qxe5 Nxe5 30. Nc7 Bg4 31. Ra1 Rd2 32. Nxe8 Rxc2 33. Nc7 Rxc3
34. Nd5 Rd3 35. a4 h5 36. axb5 axb5 37. Ra8 Nd7 38. Rd8 g5 39. Ne7+ Kh7 40. e5
Rd4 41. Re1 Rxb4 42. Be4+ Kh8 43. Bc6 Nc5 44. Rxf8+ Kh7 45. Rxf7+ Kh6 46. Ng8+
Kg6 47. Rg7+ Kf5 1-0

[Event "Open A Gorges"]
[Site "?"]
[Date "2019.07.06"]
[Round "3"]
[White "JAULIN, Philippe"]
[Black "PASCAL, Jonathan"]
[Result "1-0"]
[WhiteElo "2071"]
[BlackElo "1842"]
[PlyCount "73"]

1. e4 c5 2. Nc3 e6 3. g3 Nc6 4. Bg2 Nf6 5. Nge2 Be7 6. O-O O-O 7. d4 cxd4 8.
Nxd4 a6 9. Be3 Ne5 10. h3 Qc7 11. Qe2 d6 12. Rad1 Bd7 13. Kh1 Rac8 14. Rfe1 b5
15. Bc1 Nc6 16. Nd5 Qd8 17. Nxe7+ Qxe7 18. c3 Rfd8 19. Nb3 e5 20. Be3 Be6 21.
Bb6 Rd7 22. f4 Bc4 23. Qf2 Bxb3 24. axb3 Rb7 25. Be3 Qc7 26. Qd2 Rd8 27. Qf2
Qe7 28. b4 a5 29. bxa5 Ra8 30. b4 Rd7 31. Rd3 Ne8 32. Red1 Nc7 33. Qd2 f5 34.
Rxd6 Rxd6 35. Qxd6 Ra6 36. Qxe7 Nxe7 37. Rd7 1-0

[Event "Open A Gorges"]
[Site "?"]
[Date "2019.07.06"]
[Round "3"]
[White "CROUAN, Stéphane"]
[Black "HENRY, Florent"]
[Result "1-0"]
[WhiteElo "2178"]
[BlackElo "2022"]
[PlyCount "105"]

1. d4 Nf6 2. Nf3 c5 3. d5 g6 4. g3 Bg7 5. Bg2 O-O 6. O-O d6 7. Nc3 Na6 8. Re1
Bd7 9. Bg5 b5 10. Nd2 c4 11. a4 b4 12. Nb5 Qc8 13. c3 h6 14. Be3 Ng4 15. Bd4
Bxb5 16. axb5 Bxd4 17. cxd4 Nc7 18. Nxc4 Nxb5 19. Qd3 Qf5 20. Qxf5 gxf5 21. e3
Rfc8 22. b3 Nf6 23. Ra5 Rab8 24. Ra6 Nc3 25. Rxa7 Nfxd5 26. Bh3 Nb5 27. Ra5 e6
28. Rxb5 Rxb5 29. Nxd6 Rbb8 30. Nxc8 Rxc8 31. Bg2 Nc3 32. Bf1 Ra8 33. Bc4 Ra2
34. Kg2 Ne4 35. Re2 Nd2 36. f4 Rb2 37. Kf2 Ne4+ 38. Kg2 Nd2 39. Kf2 Kf8 40. h3
Ne4+ 41. Kg2 Rd2 42. g4 Rd1 43. gxf5 exf5 44. Ra2 Rd2+ 45. Rxd2 Nxd2 46. Bd5
Ke7 47. Kf2 Nb1 48. Bc4 Nc3 49. Bd3 Kf6 50. Ke1 Ke6 51. Be2 Ne4 52. Bf3 Nf6 53.
Kd2 1-0

[Event "Open A Gorges"]
[Site "?"]
[Date "2019.07.06"]
[Round "3"]
[White "PRIMEL, Dominique"]
[Black "CHABRADZE, Boris"]
[Result "1/2-1/2"]
[WhiteElo "1916"]
[BlackElo "2121"]
[PlyCount "44"]

1. Nf3 c5 2. c4 Nf6 3. Nc3 Nc6 4. d4 cxd4 5. Nxd4 e5 6. Ndb5 a6 7. Nd6+ Bxd6 8.
Qxd6 Qe7 9. Qxe7+ Nxe7 10. Bg5 b5 11. Bxf6 gxf6 12. Ne4 f5 13. Nd6+ Kf8 14. e3
Kg7 15. Be2 Rb8 16. cxb5 axb5 17. O-O Kf6 18. Rfd1 Bb7 19. Nxb7 Rxb7 20. Rd6+
Kg7 21. Rad1 Rd8 22. a3 b4 1/2-1/2

[Event "Open A Gorges"]
[Site "?"]
[Date "2019.07.06"]
[Round "3"]
[White "LE PEN, Steven"]
[Black "MAUGIN, Nerada"]
[Result "1-0"]
[WhiteElo "2094"]
[BlackElo "1853"]
[PlyCount "47"]

1. e4 c5 2. Nf3 d6 3. d4 cxd4 4. Nxd4 Nf6 5. Nc3 g6 6. Be3 Bg7 7. f3 O-O 8. Qd2
Nc6 9. g4 Be6 10. Nxe6 fxe6 11. O-O-O Ne5 12. Be2 Qc8 13. h4 Nfd7 14. f4 Nc4
15. Bxc4 Qxc4 16. e5 Rad8 17. h5 b5 18. hxg6 hxg6 19. Qh2 b4 20. Rd4 Qc7 21.
Qh7+ Kf7 22. Ne4 dxe5 23. Ng5+ Kf6 24. fxe5+ 1-0

[Event "Open A Gorges"]
[Site "?"]
[Date "2019.07.06"]
[Round "3"]
[White "BOURDEAUX, Gabin"]
[Black "CAMUS, Harold"]
[Result "1-0"]
[WhiteElo "2050"]
[BlackElo "1643"]
[PlyCount "53"]

1. e4 e5 2. Nf3 Nc6 3. Bb5 a6 4. Ba4 Nf6 5. d3 b5 6. Bb3 Be7 7. a4 Bb7 8. O-O
d6 9. c3 O-O 10. Nbd2 d5 11. axb5 axb5 12. Rxa8 Bxa8 13. Qe2 d4 14. Rd1 h6 15.
Nf1 Bc5 16. Ng3 Bb7 17. Nf5 Bc8 18. N3h4 Bxf5 19. Nxf5 Ne7 20. Qf3 Nxf5 21.
Qxf5 dxc3 22. bxc3 c6 23. d4 g6 24. Qxg6+ Kh8 25. Qxh6+ Nh7 26. dxc5 Qf6 27. f3
1-0

[Event "Open A Gorges"]
[Site "?"]
[Date "2019.07.06"]
[Round "3"]
[White "THAS, Fabrice"]
[Black "CHAILLOU, Vincent"]
[Result "1/2-1/2"]
[WhiteElo "1738"]
[BlackElo "1647"]
[PlyCount "139"]

1. b3 Nf6 2. Nf3 e6 3. Bb2 Bc5 4. e3 a6 5. Be2 O-O 6. O-O d5 7. d4 Bd6 8. Nbd2
Nbd7 9. c4 c5 10. cxd5 Nxd5 11. dxc5 Nxc5 12. Nc4 Be7 13. Rc1 b5 14. Ncd2 Bb7
15. Nd4 Rc8 16. a3 Qd7 17. b4 Na4 18. Ba1 Nac3 19. Qe1 Nxe2+ 20. Qxe2 Rxc1 21.
Rxc1 Rc8 22. Qd1 Nb6 23. Rxc8+ Qxc8 24. Qc2 Qxc2 25. Nxc2 f6 26. f3 Kf7 27. Kf2
e5 28. e4 Na4 29. Ne3 g6 30. Ke2 Ke6 31. Kd3 Bd8 32. h3 h5 33. g4 hxg4 34. hxg4
Bb6 35. Ng2 f5 36. gxf5+ gxf5 37. exf5+ Kxf5 38. Ne4 Bc7 39. Ke3 Bxe4 40. fxe4+
Kg4 41. Ne1 Nb6 42. Nc2 Nc4+ 43. Kd3 Kf4 44. Bc3 Bb6 45. a4 Bf2 46. axb5 axb5
47. Ba1 Nd6 48. Na3 Be1 49. Nc2 Bg3 50. Na3 Nxe4 51. Bxe5+ Kxe5 52. Nxb5 Nf2+
53. Kc4 Ke6 54. Nd4+ Kd7 55. Kb5 Ne4 56. Ka6 Kc8 57. Nf5 Bf2 58. b5 Nc5+ 59.
Kb6 Nd7+ 60. Ka6 Nf6 61. Nd6+ Kc7 62. Nc4 Nd7 63. b6+ Kb8 64. Kb5 Bd4 65. Kc6
Nf6 66. Nd6 Ng4 67. Kd5 Bxb6 68. Nc4 Nf6+ 69. Ke6 Bd8 70. Ne5 1/2-1/2

[Event "Open A Gorges"]
[Site "?"]
[Date "2019.07.06"]
[Round "3"]
[White "BEAUMONT, Jean-François"]
[Black "RINEAU, Nathan"]
[Result "1/2-1/2"]
[WhiteElo "1578"]
[BlackElo "1706"]
[PlyCount "57"]

1. e4 c6 2. Nc3 d5 3. Nf3 Bg4 4. h3 Bh5 5. exd5 cxd5 6. g4 Bg6 7. Ne5 Nc6 8.
Bb5 Qc7 9. d4 e6 10. Bf4 Bd6 11. Qf3 O-O-O 12. Nxc6 bxc6 13. Bxd6 Qxd6 14. Bd3
Bxd3 15. Qxd3 Kd7 16. Qa6 Qc7 17. Na4 Nf6 18. Nc5+ Ke8 19. O-O-O Nd7 20. Nxd7
Rxd7 21. Rhf1 Ke7 22. f4 Rb8 23. f5 Qb6 24. Qa3+ Qb4 25. Qxb4+ Rxb4 26. c3 Rb8
27. fxe6 Kxe6 28. Rde1+ Kd6 29. Rf2 1/2-1/2

[Event "Open A Gorges"]
[Site "?"]
[Date "2019.07.07"]
[Round "4"]
[White "CROUAN, Stéphane"]
[Black "KOLLAR, Romain"]
[Result "1/2-1/2"]
[WhiteElo "2178"]
[BlackElo "2189"]
[PlyCount "36"]

1. e4 c5 2. Nf3 d6 3. d4 cxd4 4. Nxd4 Nf6 5. Nc3 g6 6. Be3 Bg7 7. f3 O-O 8. Qd2
Nc6 9. O-O-O d5 10. Qe1 e5 11. Nxc6 bxc6 12. exd5 Nxd5 13. Bc4 Be6 14. Ne4 Qc7
15. Bc5 Rfd8 16. Qh4 h6 17. g4 Rab8 18. Bb3 a5 1/2-1/2

[Event "Open A Gorges"]
[Site "?"]
[Date "2019.07.07"]
[Round "4"]
[White "LE PEN, Steven"]
[Black "JAULIN, Philippe"]
[Result "1-0"]
[WhiteElo "2094"]
[BlackElo "2071"]
[PlyCount "43"]

1. e4 c5 2. Nf3 Nc6 3. d4 cxd4 4. Nxd4 e5 5. Nb5 d6 6. Be3 Nf6 7. Bg5 Be6 8.
Bxf6 gxf6 9. Nd2 a6 10. Nc3 Rc8 11. Nc4 Nd4 12. Ne3 f5 13. exf5 Nxf5 14. Nxf5
Bxf5 15. Qf3 Qg5 16. h4 Qg6 17. Qxb7 Bh6 18. Nd5 Qe6 19. Bxa6 O-O 20. Ne7+ Kh8
21. Nxc8 Qg6 22. Ne7 1-0

[Event "Open A Gorges"]
[Site "?"]
[Date "2019.07.07"]
[Round "4"]
[White "MUNKHBAYAR, Janjaardorj"]
[Black "BOURDEAUX, Gabin"]
[Result "1-0"]
[WhiteElo "1952"]
[BlackElo "2050"]
[PlyCount "55"]

1. d4 Nf6 2. c4 g6 3. Nc3 d5 4. cxd5 Nxd5 5. e4 Nxc3 6. bxc3 Bg7 7. Bc4 O-O 8.
Ne2 c5 9. Be3 cxd4 10. cxd4 Nc6 11. O-O e5 12. d5 Na5 13. Bd3 b6 14. Rc1 f5 15.
f4 Nb7 16. fxe5 Bxe5 17. Nd4 fxe4 18. Rxf8+ Kxf8 19. Nc6 Bxh2+ 20. Kxh2 Qd6+
21. Kg1 exd3 22. Qxd3 Bf5 23. Qd4 Kg8 24. Bf4 Qd7 25. Nb8 Qe7 26. d6 Qe4 27.
Rc8+ Kf7 28. Rc7+ 1-0

[Event "Open A Gorges"]
[Site "?"]
[Date "2019.07.07"]
[Round "4"]
[White "PASCAL, Jonathan"]
[Black "PRIMEL, Dominique"]
[Result "1/2-1/2"]
[WhiteElo "1842"]
[BlackElo "1916"]
[PlyCount "125"]

1. e4 c5 2. Nf3 e6 3. d4 cxd4 4. Nxd4 a6 5. Nc3 Qc7 6. Bd3 d6 7. f4 Nf6 8. Qf3
Nbd7 9. Be3 b5 10. a3 Bb7 11. O-O-O Be7 12. g4 Nc5 13. g5 Nfd7 14. Qh3 Nxd3+
15. cxd3 O-O-O 16. Kb1 Kb8 17. Rc1 Nc5 18. Rhd1 Qd7 19. Qg3 Ka8 20. b4 Na4 21.
Nxa4 bxa4 22. Rc3 Rc8 23. Rdc1 Rxc3 24. Rxc3 Rc8 25. Qe1 g6 26. Qc1 Rxc3 27.
Qxc3 e5 28. fxe5 d5 29. Qc2 dxe4 30. dxe4 Qg4 31. Qxa4 Qxe4+ 32. Nc2 Qc6 33.
Qxc6 Bxc6 34. Kb2 Kb7 35. Kc3 Ba4 36. Nd4 Bd7 37. Kc4 Bh3 38. a4 Bf1+ 39. Kc3
Bg2 40. b5 axb5 41. axb5 Bd5 42. Nb3 Kc7 43. b6+ Kb7 44. Na5+ Ka6 45. Nc4 Bd8
46. Kd4 Be6 47. Kc5 Be7+ 48. Nd6 Bd8 49. Kc6 Bb3 50. b7 Ba4+ 51. Kd5 Bc7 52.
Bc5 Bxd6 53. Kxd6 Kxb7 54. e6 fxe6 55. Kxe6 Kc6 56. Bd4 Bb3+ 57. Kf6 Kd5 58.
Bb2 Ke4 59. Kg7 Kf5 60. Bf6 Kg4 61. Kxh7 Kh5 62. Kg7 Bc2 63. Kf8 1/2-1/2

[Event "Open A Gorges"]
[Site "?"]
[Date "2019.07.07"]
[Round "4"]
[White "CHABRADZE, Boris"]
[Black "HENRY, Florent"]
[Result "1/2-1/2"]
[WhiteElo "2121"]
[BlackElo "2022"]
[PlyCount "148"]

1. e4 c6 2. Nc3 d5 3. d4 dxe4 4. Nxe4 Bf5 5. Ng3 Bg6 6. Nf3 Nd7 7. h4 h6 8. h5
Bh7 9. Bd3 Bxd3 10. Qxd3 e6 11. Bd2 Ngf6 12. O-O-O Qc7 13. Ne4 Be7 14. Nxf6+
gxf6 15. Nh2 O-O-O 16. Ng4 Ne5 17. Nxe5 fxe5 18. Qf3 Bd6 19. Be3 exd4 20. Rxd4
e5 21. Ra4 a6 22. g4 Qd7 23. Rd1 Qe6 24. Qe4 Bc7 25. Rxd8+ Rxd8 26. Ra3 Bd6 27.
Rb3 Bf8 28. f3 Qd5 29. Qf5+ Qe6 30. Qxe6+ fxe6 31. c4 Rd7 32. Kc2 Rf7 33. Bd2
b5 34. cxb5 axb5 35. Kd1 Kc7 36. Ke2 Kb6 37. Be3+ c5 38. a4 Ka5 39. Rxb5+ Kxa4
40. Rb6 Ka5 41. Rxe6 Rb7 42. Bd2+ Kb5 43. Bc3 Bg7 44. Ke3 Kc4 45. Rg6 Kd5 46.
Ra6 Bf8 47. Ra8 Be7 48. Re8 Bg5+ 49. Ke2 Bf4 50. Rd8+ Kc4 51. Rd6 Rf7 52. Bd2
Rb7 53. Bxf4 exf4 54. Rd2 Rb3 55. Kf2 Re3 56. Kg2 Kb3 57. Rf2 c4 58. g5 Re5 59.
g6 Rxh5 60. Kf1 Re5 61. g7 Re8 62. Rg2 Rg8 63. Kg1 c3 64. bxc3 Kxc3 65. Rg4 Kd3
66. Kf2 Kd4 67. Rxf4+ Ke5 68. Rf7 Ke6 69. Ra7 Kf6 70. Kg3 Rxg7+ 71. Rxg7 Kxg7
72. Kg4 Kg6 73. Kf4 Kf6 74. Kg4 Kg6 1/2-1/2

[Event "Open A Gorges"]
[Site "?"]
[Date "2019.07.07"]
[Round "4"]
[White "CAMUS, Harold"]
[Black "MAUGIN, Nerada"]
[Result "0-1"]
[WhiteElo "1643"]
[BlackElo "1853"]
[PlyCount "62"]

1. d4 Nf6 2. c4 c5 3. d5 b5 4. Nc3 bxc4 5. e4 d6 6. Bxc4 e6 7. f4 Qb6 8. e5
dxe5 9. fxe5 Nxd5 10. Nxd5 exd5 11. Qxd5 Be6 12. Qxa8 Bxc4 13. Qe4 Ba6 14. Nf3
Be7 15. Bd2 O-O 16. O-O-O Nc6 17. Bc3 c4 18. h4 Nb4 19. Kb1 Nd3 20. Ng5 g6 21.
Bd4 Bc5 22. Rxd3 cxd3 23. Bc3 d2 24. h5 Qd8 25. Qg4 Bd3+ 26. Ka1 Bf5 27. hxg6
Bxg4 28. gxh7+ Kh8 29. e6+ Bd4 30. Bxd2 Bxb2+ 31. Kxb2 Qxd2+ 0-1